Бренды по описанию их логотипов - Statistics

General Stats
  • This quiz has been taken 19 times
  • The average score is 8 of 15
Answer Stats
Описание логотипа Бренд % Correct
Профиль крокодила с раскрытой пастью Lacoste
94%
Двойная арка из ломтиков картошки-фри McDonald's
94%
Надкусанное яблоко Apple
88%
Плавная галочка Nike
76%
Голубая птичка Twitter
76%
Красная кнопка пуска показа медиа YouTube
76%
Две девушки сидят друг к другу спинами Kappa
71%
Красно-жёлтая ракушка Shell
65%
Белый шар из пазлов с разными символами Wikipedia
59%
Круг с бело-синей клеткой внутри BMW
41%
Геймпад на тёмном фоне Discord
24%
Робот на красном фоне Reddit
24%
Сообщение с глазами из двух палочек Twitch
24%
Панда на белом фоне BBC
18%
Открытая голубая коробка Dropbox
18%
No matching quizzes found
Score Distribution
Percent of People with Each Score
Percentile by Number Answered
Your Score History
You have not taken this quiz